| 000 | 01174nkm a2200361 i 4500 | ||
|---|---|---|---|
| 001 | 21536 | ||
| 003 | CZ PrNK | ||
| 005 | 20260303162223.0 | ||
| 007 | kk co | ||
| 008 | 240117s2019 xr nnn g incze | ||
| 015 | _acnb003584258 | ||
| 040 |
_aABA001 _bcze _erda |
||
| 043 |
_ae-xr--- _be-xr-pl _2czenas |
||
| 045 | _ay2y2 | ||
| 080 |
_a792.82:793.32 _2MRF |
||
| 080 |
_a(437.317) _2MRF |
||
| 080 |
_a(084.5)792 _2MRF |
||
| 245 | 0 | 0 |
_aSněhurka : _b[premiéra 18.1.2020 Divadlo J.K. Tyla v Plzni] |
| 264 | 1 |
_a[Plzeň] : _b[Divadlo J.K. Tyla v Plzni], _c[2019] |
|
| 300 |
_a1 plakát : _bbarevný ; _c42 x 30 cm |
||
| 336 |
_astatický obraz _bsti _2rdacontent |
||
| 337 |
_abez média _bn _2rdamedia |
||
| 338 |
_alist _bnb _2rdacarrier |
||
| 500 | _aUvádí Divadlo J.K. Tyla v Plzni, režie Alena Pešková | ||
| 520 | 8 | _aZobrazení: kresba Sněhurky s jablkem se zlou macechou za zády | |
| 648 | 7 |
_a2020 _2czenas |
|
| 650 | 0 | 7 |
_abaletní inscenace _zČesko _y2011-2020 _2czenas |
| 651 | 7 |
_aPlzeň (Česko) _2czenas |
|
| 655 | 7 |
_adivadelní plakáty _2czenas |
|
| 710 | 2 |
_aDivadlo J.K. Tyla (Plzeň, Česko) _4orm |
|
| 910 | _aABA001 | ||
| 942 |
_2ddc _cKLDE _n0 |
||
| 999 |
_c21536 _d21536 |
||